<?xml version="1.0" encoding="UTF-8"?>
<record
    xmlns:xsi="http://www.w3.org/2001/XMLSchema-instance"
    xsi:schemaLocation="http://www.loc.gov/MARC21/slim http://www.loc.gov/standards/marcxml/schema/MARC21slim.xsd"
    xmlns="http://www.loc.gov/MARC21/slim">

  <leader>04419cam a2200421   4500500</leader>
  <controlfield tag="005">20260517000339.0</controlfield>
  <datafield tag="041" ind1=" " ind2=" ">
    <subfield code="a">fre</subfield>
  </datafield>
  <datafield tag="042" ind1=" " ind2=" ">
    <subfield code="a">dc</subfield>
  </datafield>
  <datafield tag="100" ind1="1" ind2="0">
    <subfield code="a">Hien, Herv&#xE9;</subfield>
    <subfield code="e">author</subfield>
  </datafield>
  <datafield tag="700" ind1="1" ind2="0">
    <subfield code="a">Drabo, Koin&#xE9; Maxime</subfield>
    <subfield code="e">author</subfield>
  </datafield>
  <datafield tag="700" ind1="1" ind2="0">
    <subfield code="a">To&#xE9;, Nadia</subfield>
    <subfield code="e">author</subfield>
  </datafield>
  <datafield tag="700" ind1="1" ind2="0">
    <subfield code="a">Berthe, Abdramane</subfield>
    <subfield code="e">author</subfield>
  </datafield>
  <datafield tag="700" ind1="1" ind2="0">
    <subfield code="a">Konat&#xE9;, Blahima</subfield>
    <subfield code="e">author</subfield>
  </datafield>
  <datafield tag="700" ind1="1" ind2="0">
    <subfield code="a">Tou, Fatoumata</subfield>
    <subfield code="e">author</subfield>
  </datafield>
  <datafield tag="700" ind1="1" ind2="0">
    <subfield code="a">Badini-Kinda, Fatoumata</subfield>
    <subfield code="e">author</subfield>
  </datafield>
  <datafield tag="700" ind1="1" ind2="0">
    <subfield code="a">M&#xE9;da, Nicolas</subfield>
    <subfield code="e">author</subfield>
  </datafield>
  <datafield tag="700" ind1="1" ind2="0">
    <subfield code="a">Ou&#xE9;draogo, Macaire</subfield>
    <subfield code="e">author</subfield>
  </datafield>
  <datafield tag="700" ind1="1" ind2="0">
    <subfield code="a">Macq, Jean</subfield>
    <subfield code="e">author</subfield>
  </datafield>
  <datafield tag="245" ind1="0" ind2="0">
    <subfield code="a">Qualit&#xE9; de la prise en charge des malades chroniques au&#xA0;Burkina Faso selon le Chronic Care Model</subfield>
  </datafield>
  <datafield tag="260" ind1=" " ind2=" ">
    <subfield code="c">2014.
							</subfield>
  </datafield>
  <datafield tag="500" ind1=" " ind2=" ">
    <subfield code="a">45</subfield>
  </datafield>
  <datafield tag="520" ind1=" " ind2=" ">
    <subfield code="a">Introduction&#x2008;: Les syst&#xE8;mes d&#x2019;offre de soins en Afrique subsaharienne connaissent des lacunes organisationnelles concernant la prise en charge optimale des malades chroniques. L&#x2019;objectif de cette &#xE9;tude &#xE9;tait de d&#xE9;crire la qualit&#xE9; de la prise en charge des malades chroniques dans les services de premi&#xE8;re ligne &#xE0; Bobo-Dioulasso, au Burkina Faso.Mat&#xE9;riels et m&#xE9;thodes&#x2008;: Nous avons r&#xE9;alis&#xE9; une &#xE9;tude transversale dans six structures de sant&#xE9; &#xE0; Bobo-Dioulasso d&#x2019;octobre &#xE0; novembre 2013. Le mod&#xE8;le de prise en charge des malades chroniques a servi de r&#xE9;f&#xE9;rence pour d&#xE9;crire la prise en charge des patients hypertendus. Un score a &#xE9;t&#xE9; calcul&#xE9; pour chaque item du mod&#xE8;le, des forces et des faiblesses de l&#x2019;organisation des soins ont &#xE9;t&#xE9; identifi&#xE9;es. R&#xE9;sultats&#x2008;: Le niveau de soutien global pour la prise en charge des patients hypertendus &#xE9;tait &#xAB;&#x2008;basique&#x2008;&#xBB; pour l&#x2019;ensemble des structures enqu&#xEA;t&#xE9;es&#xA0;(score m&#xE9;dian 3,7). Le niveau de soutien &#xE9;tait &#xAB;&#x2008;basique&#x2008;&#xBB; pour les formations sanitaires de premi&#xE8;re ligne (score m&#xE9;dian 4,4), pour les h&#xF4;pitaux de district de r&#xE9;f&#xE9;rence (score m&#xE9;dian 4,1) et pour le CHU (score m&#xE9;dian 5,4). La relation avec la communaut&#xE9; et l&#x2019;appui &#xE0; la prise de d&#xE9;cision &#xE9;taient les composantes du mod&#xE8;le qui pr&#xE9;sentaient des faiblesses. Conclusion&#x2008;: Pour am&#xE9;liorer la qualit&#xE9; de la prise en charge des&#xA0;patients avec des probl&#xE8;mes de sant&#xE9; chroniques dans les&#xA0;services de premi&#xE8;re ligne et dans les h&#xF4;pitaux de district de&#xA0;r&#xE9;f&#xE9;rence au Burkina Faso, des efforts doivent &#xEA;tre r&#xE9;alis&#xE9;s pour renforcer la gouvernance clinique et le partenariat avec la&#xA0;communaut&#xE9;.</subfield>
  </datafield>
  <datafield tag="520" ind1=" " ind2=" ">
    <subfield code="a">Quality of chronic patient care according to the Chronic Care Model in&#xA0;Burkina Faso Introduction: There is a lack of organizational knowledge concerning optimal management by the health care system for&#xA0;patients with chronic health conditions in sub-Saharan Africa. The objective of this study was to describe the quality of chronic&#xA0;patient care at first-line heath facilities in Bobo-Dioulasso, Burkina&#xA0;Faso. Methods: We conducted a cross-sectional study in six health facilities in Bobo-Dioulasso from October to November 2013. The&#xA0;chronic care model was used as a reference to describe the&#xA0;care of hypertensive patients. A score was calculated for&#xA0;each&#xA0;item in the model, and the strengths and weaknesses of health care organization were identified Results: The overall level of support for the management of hypertensive patients was &#x201C;basic&#x201D; for all surveyed structures: median score and IQR 3.7 (3.4, 4.4). The level of support was basic for primary health facilities (median score 4.4), district hospitals (median score 4.1) and the University health center (median score&#xA0;5.4). The relationship with the community and support to decision-making were identified as weak components of the model. Conclusions: To improve the quality of chronic patient care in&#xA0;first-line health facilities in Burkina Faso, efforts must be made&#xA0;to strengthen clinical governance and partnership with the&#xA0;community.</subfield>
  </datafield>
  <datafield tag="690" ind1=" " ind2=" ">
    <subfield code="a">Burkina Faso</subfield>
  </datafield>
  <datafield tag="690" ind1=" " ind2=" ">
    <subfield code="a">hypertension art&#xE9;rielle</subfield>
  </datafield>
  <datafield tag="690" ind1=" " ind2=" ">
    <subfield code="a">maladie chronique</subfield>
  </datafield>
  <datafield tag="690" ind1=" " ind2=" ">
    <subfield code="a">prise de d&#xE9;cision</subfield>
  </datafield>
  <datafield tag="690" ind1=" " ind2=" ">
    <subfield code="a">prise en charge personnalis&#xE9;e du patient</subfield>
  </datafield>
  <datafield tag="690" ind1=" " ind2=" ">
    <subfield code="a">qualit&#xE9; des soins</subfield>
  </datafield>
  <datafield tag="690" ind1=" " ind2=" ">
    <subfield code="a">Burkina Faso</subfield>
  </datafield>
  <datafield tag="690" ind1=" " ind2=" ">
    <subfield code="a">case management</subfield>
  </datafield>
  <datafield tag="690" ind1=" " ind2=" ">
    <subfield code="a">chronic disease</subfield>
  </datafield>
  <datafield tag="690" ind1=" " ind2=" ">
    <subfield code="a">decision-making</subfield>
  </datafield>
  <datafield tag="690" ind1=" " ind2=" ">
    <subfield code="a">hypertension</subfield>
  </datafield>
  <datafield tag="690" ind1=" " ind2=" ">
    <subfield code="a">quality of health care</subfield>
  </datafield>
  <datafield tag="786" ind1="0" ind2=" ">
    <subfield code="n">Sant&#xE9; Publique | 26 | 5 | 2014-11-24 | p. 705-713 | 0995-3914</subfield>
  </datafield>
  <datafield tag="856" ind1="4" ind2="1">
    <subfield code="u">https://stm.cairn.info/revue-sante-publique-2014-5-page-705?lang=fr&amp;redirect-ssocas=7080</subfield>
  </datafield>
  <datafield tag="999" ind1=" " ind2=" ">
    <subfield code="c">2231480</subfield>
    <subfield code="d">2231480</subfield>
  </datafield>
</record>
